[Event "Sharjah Rapid op 27th"]
[Site "Sharjah"]
[Date "2022.04.07"]
[Round "8"]
[White "Al Namas, Kanan"]
[Black "Rayan, Mohammad Ali Hassan"]
[Result "1-0"]
[WhiteElo "1516"]
[BlackElo "1497"]
[PlyCount "112"]
[EventDate "2022.04.06"]
[EventType "swiss (rapid)"]
[EventRounds "9"]
[EventCountry "UAE"]
[SourceTitle "CBM 207 Extra"]
[Source "ChessBase"]
[SourceDate "2022.05.31"]
[SourceVersion "1"]
[SourceVersionDate "2022.05.31"]
[SourceQuality "1"]

1. e4 e5 2. Nf3 Nf6 3. Nxe5 d6 4. Nc4 Nxe4 5. Nc3 Nxc3 6. dxc3 Be7 7. Be3 0-0 8. Bd3 Nd7 9. g4 Nc5 10. Bxc5 dxc5 11. Qf3 Bg5 12. h4 Re8+ 13. Ne3 Bxe3 14. fxe3 c6 15. 0-0-0 Qa5 16. a3 Be6 17. h5 c4 18. Bf5 Bxf5 19. gxf5 Qe5 20. Rh3 Re7 21. h6 Rae8 22. Qg4 g6 23. fxg6 fxg6 24. Qxc4+ Qe6 25. Qh4 Qf5 26. Re1 Re4 27. Qg3 Rg4 28. Qc7 Qf7 29. Qd6 Rg2 30. Qd4 Rf2 31. e4 Rf4 32. Rhe3 Qe7 33. Qd2 Rh4 34. Rf3 Rxe4 35. Ref1 Re1+ 36. Rxe1 Qxe1+ 37. Qxe1 Rxe1+ 38. Kd2 Rh1 39. Rd3 Rxh6 40. Rd8+ Kf7 41. Rd7+ Ke6 42. Rxb7 Rh2+ 43. Ke3 h6 44. Rxa7 Rxc2 45. Rb7 g5 46. Kf3 Rh2 47. a4 h5 48. a5 g4+ 49. Kg3 Rh3+ 50. Kg2 h4 51. a6 Rg3+ 52. Kf2 Rf3+ 53. Ke2 h3 54. a7 Rf8 55. Rb8 Rxb8 56. axb8Q Kf5 1-0

[Event "Sharjah Cup (Women) 10th"]
[Site "Sharjah"]
[Date "2020.01.11"]
[Round "8"]
[White "Boshra, Alshaeby"]
[Black "Rayan, Mohammad Ali Hassan"]
[Result "1-0"]
[WhiteElo "1979"]
[BlackElo "1473"]
[PlyCount "41"]
[EventDate "2020.01.04"]
[EventType "swiss"]
[EventRounds "9"]
[EventCountry "UAE"]
[SourceTitle "CBM 194 Extra"]
[Source "ChessBase"]
[SourceDate "2020.03.31"]
[SourceVersion "1"]
[SourceVersionDate "2020.03.31"]
[SourceQuality "1"]

1. e4 e5 2. Nf3 Nf6 3. d3 Nc6 4. g3 Bc5 5. Bg2 d6 6. 0-0 h6 7. c3 Bg4 8. h3 Bh5 9. a4 a5 10. Na3 0-0 11. Nc2 Ba7 12. Be3 d5 13. Bxa7 Rxa7 14. Qe2 Re8 15. g4 Bg6 16. Nh4 dxe4 17. dxe4 Bxe4 18. Rad1 Bd5 19. Nf5 Re6 20. Bxd5 Nxd5 21. Qe4 1-0

[Event "Sharjah Cup (Women) 10th"]
[Site "Sharjah"]
[Date "2020.01.07"]
[Round "4"]
[White "Drljevic, Ljilja"]
[Black "Rayan, Mohammad Ali Hassan"]
[Result "1-0"]
[WhiteElo "2193"]
[BlackElo "1473"]
[PlyCount "59"]
[EventDate "2020.01.04"]
[EventType "swiss"]
[EventRounds "9"]
[EventCountry "UAE"]
[SourceTitle "CBM 194 Extra"]
[Source "ChessBase"]
[SourceDate "2020.03.31"]
[SourceVersion "1"]
[SourceVersionDate "2020.03.31"]
[SourceQuality "1"]

1. g3 d5 2. Bg2 e5 3. d3 Be6 4. Nd2 Nc6 5. Ngf3 f6 6. c3 Qd7 7. b4 Nge7 8. b5 Nd8 9. a4 c6 10. bxc6 Ndxc6 11. Nb3 Ng6 12. h4 h5 13. Be3 Qc8 14. a5 Bd6 15. Bc5 Bc7 16. Nfd2 Nxa5 17. Nxa5 b6 18. Nab3 bxc5 19. Nxc5 Bf7 20. Bh3 Qd8 21. Ra6 Bb6 22. Qa4+ Ke7 23. Nb7 Qc7 24. Qa3+ Ke8 25. Nd6+ Kd8 26. Nxf7+ Ke8 27. Nxh8 Nxh8 28. 0-0 Bc5 29. Qa4+ Ke7 30. Rc6 1-0

[Event "UAE President Cup U14 Girls"]
[Site "Ajman"]
[Date "2019.01.09"]
[Round "9"]
[White "Rayan, Mohammad Ali Hassan"]
[Black "Essa, Shahad"]
[Result "1-0"]
[WhiteElo "1213"]
[BlackElo "1075"]
[PlyCount "67"]
[EventDate "2019.01.02"]
[EventType "swiss"]
[EventRounds "9"]
[EventCountry "UAE"]
[SourceTitle "CBM 188 Extra"]
[Source "ChessBase"]
[SourceDate "2019.02.26"]
[SourceVersion "1"]
[SourceVersionDate "2019.02.26"]
[SourceQuality "1"]

1. e4 e5 2. Nf3 Nc6 3. Bc4 Bc5 4. d3 d6 5. c3 a6 6. Bb3 Nf6 7. Nbd2 Ba7 8. 0-0 0-0 9. h3 h6 10. Re1 Nh5 11. Nf1 Qf6 12. Be3 Nf4 13. Bxf4 Qxf4 14. Ne3 Bd7 15. Nd5 Qg3 16. d4 Qg6 17. Kf1 exd4 18. cxd4 Rac8 19. Rc1 Rfe8 20. Bc2 Qe6 21. Bb1 Bb8 22. Qd2 Ne7 23. Nf4 Bb5+ 24. Kg1 Qd7 25. Qc2 g6 26. b3 a5 27. a4 Ba6 28. Qd2 b6 29. d5 c6 30. dxc6 Rxc6 31. Rxc6 Nxc6 32. Nd5 Qd8 33. Qxh6 Nb4 34. Ng5 1-0